Principios de política : introducción al estudio de la ciencia política contemporanea / por F. von Holtzendorff ; versión española, por Adolfo Buylla y Adolfo Posada introducción al estudio de la ciencia política contemporanea / por F. von Holtzendorff ; versión española, por Adolfo Buylla y Adolfo Posada
Descripción Física:
LVI, 393 p. ; 22 cm
Materias:
Ciències polítiques
MARC
| LEADER | 00000nam a2200000Ia 4500 | ||
|---|---|---|---|
| 001 | 737 | ||
| 008 | 160829s1888 xx 000 0 cat d | ||
| 080 | |a M-2-195 | ||
| 100 | |a Holtzendorff, Franz von |9 23912 | ||
| 245 | |a Principios de política : |b introducción al estudio de la ciencia política contemporanea / por F. von Holtzendorff ; versión española, por Adolfo Buylla y Adolfo Posada | ||
| 260 | |a Madrid : |b Librería de Fernando Fe, |c 1888 | ||
| 300 | |a LVI, 393 p. ; |c 22 cm | ||
| 650 | |a Ciències polítiques |9 24854 | ||
| 700 | 1 | |a Buylla, Adolfo |9 23914 | |
| 700 | |a Posada, Adolfo, tr. |9 23915 | ||
| 901 | |a Arxiu | ||
| 942 | |n 1 | ||
| 952 | |0 0 |1 0 |4 0 |6 M2195 |7 1 |9 42916 |a Arxiu |b Arxiu |d 2016-12-01 |l 0 |o M-2-195 |p 737 |r 2016-12-01 00:00:00 |w 2016-12-01 |y ARXIU | ||
| 999 | |c 45422 |d 45422 | ||